000 01230cam a22003738a 4500
999 _c529771
_d529771
001 13567912
003 NUST
005 20191003103233.0
008 040206r20042003enk 000 0 eng
010 _a 2004381497
015 _aGBA4-Y9310
016 7 _a1844080471
_2Uk
020 _a1844080471
035 _a(CStRLIN)UKBPGBA4Y9310-B
038 _aWASEEM
040 _aStDuBDS
_cDLC
_dStDuBDS
_dUk
041 1 _aeng
_hnor
082 0 4 _a958.1
_bSEI
100 1 _aSeierstad, Åsne,
_d1970-
_922533
240 1 0 _aBokhandleren i Kabul
_lEnglish
245 1 4 _aThe bookseller of Kabul /
_cÅsne Seierstad ; translated by Ingrid Christophersen.
260 _aLondon :
_bVirago,
_cc2003.
263 _a0403
300 _a276 p. ;
_c20 cm.
500 _aOriginally published: London: Little, Brown, 2003.
546 _aTranslated from the Norwegian.
600 3 0 _aKhan family.
_922534
650 0 _aBooksellers and bookselling
_zAfghanistan
_zKabul.
_922535
651 0 _aKabul (Afghanistan)
_vBiography.
_922536
651 0 _aKabul (Afghanistan)
_xSocial life and customs.
_922537
906 _a0
_bibc
_ccopycat
_d2
_eecip
_f20
_gy-gencatlg
942 _2ddc
_cBK